| 000 | 00000nam 2200000zi 4500 |
| 001 | 9.947499 |
| 003 | CaOODSP |
| 005 | 20250130145155 |
| 006 | m o d f |
| 007 | cr bn||||||||| |
| 008 | 250129e197501 oncd ob f000 0 eng d |
| 040 | |aCaOODSP|beng|erda|cCaOODSP |
| 043 | |an-cn--- |
| 086 | 1 |aDR52-19/10-1975E-PDF |
| 100 | 1 |aRadomski, M. W., |eauthor. |
| 245 | 10|aEffect of a local anhidrotic product on moisture accumulation and temperature of feet in the cold / |cM.W. Radomski, T. Brown. |
| 264 | 1|aDownsview, Ontario : |bDefence and Civil Institute of Environmental Medicine, Biosciences Division : |bDepartment of National Defence, Canada, |cJanuary 1975. |
| 300 | |a1 online resource (i, 17 pages) : |bgraphs. |
| 336 | |atext|btxt|2rdacontent |
| 337 | |acomputer|bc|2rdamedia |
| 338 | |aonline resource|bcr|2rdacarrier |
| 490 | 1 |aDCIEM report ; |vno. 74-R-1068 |
| 500 | |aDigitized edition from print [produced by Defence R&D Canada]. |
| 504 | |aIncludes bibliographical references (page 7). |
| 650 | 0|aFoot|xProtection|zArctic regions. |
| 650 | 6|aPied|xProtection|zArctique. |
| 710 | 2 |aDefence and Civil Institute of Environmental Medicine (Canada), |eissuing body. |
| 710 | 1 |aCanada. |bDepartment of National Defence, |eissuing body. |
| 830 | #0|aDCIEM report ;|vno. 74-R-1068.|w(CaOODSP)9.941842 |
| 856 | 40|qPDF|s13.8 MB|uhttps://publications.gc.ca/collections/collection_2025/rddc-drdc/DR52-19-10-1975-eng.pdf |